000 00935cab a22002055a 4500
001 L149952
008 100519e20100501xxka f g 000 0 eng d
035 _a(Sirsi) u149952
041 0 _aeng
100 1 _aJayson, Paul
245 0 0 _aMarket forces should be your guide
260 _c2010
490 _aEstates Gazette
_v(1017) 1 May 2010, 88(1)
520 _aThe CRC Energy Efficiency Scheme (CRC) is drawing up standard lease provisions with assistance from the British Property Federation (BPF). Argues against the BPF suggestion that landlords should claim a proportion of their costs from tenants of complying with the CRC and suggests that market forces could provide a more effective solution based around rents and other lease terms.
590 _aKA
651 4 _aEngland and Wales
_y1543-
690 _aENVIRONMENTAL AND LAND CONSULTANCY-ENERGY-ENERGY USE-ENERGY EFFICIENCY
700 1 _aRedman, Nicholas
942 _n0
999 _c82347
_d82347